Music Quiz

Random Music or Rock Quiz

Songs by Pink Quiz Stats

 Plays Quiz not verified by Sporcle

Score 0/95 Timer 10:00
0 Plays Today
Hint Answer % Correct
The Truth About Love (2012)Try
86.7%
Funhouse (2008)So What
84.3%
Beautiful Trauma (2017)Beautiful Trauma
83.6%
Funhouse (2008)Funhouse
83.4%
Beautiful Trauma (2017)What About Us
76%
The Truth About Love (2012)Just Give Me a Reason
73.5%
Funhouse (2008)Sober
72.8%
M!ssundaztood (2001)Just Like a Pill
71.3%
Greatest Hits... So Far!!! (2010)Raise Your Glass
71.1%
I'm Not Dead (2006)Stupid Girls
70.8%
Greatest Hits... So Far!!! (2010)****' Perfect
70.6%
I'm Not Dead (2006)Who Knew
69.6%
The Truth About Love (2012)Blow Me (One Last Kiss)
68.7%
The Truth About Love (2012)True Love
67.7%
Try This (2003)Trouble
67%
M!ssundaztood (2001)Get the Party Started
66.5%
Beautiful Trauma (2017)Revenge
65.6%
I'm Not Dead (2006)U + Ur Hand
65.1%
I'm Not Dead (2006)I'm Not Dead
64.3%
M!ssundaztood (2001)Don't Let Me Get Me
62.4%
M!ssundaztood (2001)Family Portrait
61.7%
I'm Not Dead (2006)Dear Mr. President
61.7%
Funhouse (2008)Please Don't Leave Me
61.2%
Beautiful Trauma (2017)Barbies
60.9%
M!ssundaztood (2001)M!ssundaztood
60.5%
The Truth About Love (2012)The Truth About Love
60%
Can't Take Me Home (2000)Most Girls
59.3%
Can't Take Me Home (2000)Can't Take Me Home
57.1%
Funhouse (2008)Glitter in the Air
57.1%
Beautiful Trauma (2017)Secrets
56.8%
Beautiful Trauma (2017)Whatever You Want
56.2%
Can't Take Me Home (2000)There You Go
54.7%
Hint Answer % Correct
The Truth About Love (2012)**** Like You
49.9%
Try This (2003)God Is a DJ
49.4%
The Truth About Love (2012)Are We All We Are
49.4%
I'm Not Dead (2006)Leave Me Alone (I'm Lonely)
48.7%
Beautiful Trauma (2017)Wild Hearts Can't Be Broken
48.6%
Beautiful Trauma (2017)For Now
48.3%
Funhouse (2008)Bad Influence
48.2%
Beautiful Trauma (2017)I Am Here
47.9%
Funhouse (2008)I Don't Believe You
46%
Can't Take Me Home (2000)You Make Me Sick
45.5%
The Truth About Love (2012)Walk of Shame
45.3%
Beautiful Trauma (2017)Where We Go
42%
Funhouse (2008)Crystal Ball
41.9%
Beautiful Trauma (2017)You Get My Love
40.4%
Beautiful Trauma (2017)But We Lost It
40.1%
M!ssundaztood (2001)18 Wheeler
39.8%
Beautiful Trauma (2017)Better Life
39.7%
The Truth About Love (2012)Here Comes the Weekend
39.5%
I'm Not Dead (2006)Cuz I Can
38.6%
Funhouse (2008)Ave Mary A
38.6%
The Truth About Love (2012)Beam Me Up
38.1%
Funhouse (2008)Mean
37.8%
I'm Not Dead (2006)Nobody Knows
37.1%
M!ssundaztood (2001)My Vietnam
36.9%
Try This (2003)Last to Know
36.9%
M!ssundaztood (2001)Misery
35.7%
The Truth About Love (2012)The Great Escape
35.7%
I'm Not Dead (2006)Long Way to Happy
34.5%
Can't Take Me Home (2000)Split Personality
34%
Funhouse (2008)It's All Your Fault
34%
The Truth About Love (2012)How Come You're Not Here
33.5%
I'm Not Dead (2006)Conversations with My 13 Year Old Self
33.3%
Hint Answer % Correct
M!ssundaztood (2001)Dear Diary
32.5%
Funhouse (2008)One Foot Wrong
31.6%
I'm Not Dead (2006)Runaway
31.3%
Try This (2003)Love Song
30.4%
I'm Not Dead (2006)I Got Money Now
29.4%
M!ssundaztood (2001)Lonely Girl
28.7%
The Truth About Love (2012)Where Did the Beat Go?
28.7%
Can't Take Me Home (2000)Hiccup
28.4%
M!ssundaztood (2001)Respect
28.4%
Try This (2003)Try Too Hard
27.2%
Try This (2003)Hooker
27.2%
I'm Not Dead (2006)The One That Got Away
27%
M!ssundaztood (2001)Numb
26.3%
Try This (2003)Save My Life
26%
I'm Not Dead (2006)I Have Seen the Rain
25.5%
Try This (2003)Humble Neighborhoods
25.1%
M!ssundaztood (2001)Gone to California
24.8%
Can't Take Me Home (2000)Private Show
23.9%
Try This (2003)Oh My God
23.6%
Can't Take Me Home (2000)Hell Wit Ya
22.4%
M!ssundaztood (2001)Eventually
22.2%
Try This (2003)Unwind
21.9%
Try This (2003)Walk Away
21.4%
Try This (2003)Tonight's the Night
20.7%
Try This (2003)Catch Me While I'm Sleeping
20.7%
Can't Take Me Home (2000)Love Is Such a Crazy Thing
20.2%
Can't Take Me Home (2000)Is It Love
19.8%
Can't Take Me Home (2000)Do What U Do
19%
Try This (2003)Waiting For Love
18.3%
Can't Take Me Home (2000)Stop Falling
18.1%
Can't Take Me Home (2000)Let Me Let You Know
16.6%

You're not logged in!

Compare scores with friends on all Sporcle quizzes.
OR
Log In

Sporcle TV

Today on Sporcle TV


Watch our educational content, quiz creation guides, and fun videos on Sporcle TV.

Show Comments

Extras

Top Quizzes Today


Score Distribution

Your Account Isn't Verified!

In order to create a playlist on Sporcle, you need to verify the email address you used during registration. Go to your Sporcle Settings to finish the process.

Report this User

Report this user for behavior that violates our Community Guidelines.

Details: